| 000 | 00965cam a2200205 a 4500 | ||
|---|---|---|---|
| 020 | _a0419222707 | ||
| 082 | 0 | 0 |
_a666.893 _bSPR _cL-NUST, P-06 |
| 245 | 1 | 0 |
_aSprayed concrete technology : _bthe proceedings of the ACI/SCA International Conference on Sprayed Concrete/Shotcrete, "Sprayed concrete technology for the 21st century" held at Edinburgh University from 10th to 11th September 1996 / _corganised jointly by the American Concrete Institute and Sprayed Concrete Association ; edited by S.A. Austin. |
| 250 | _a1st ed. | ||
| 260 |
_aLondon ; _aNew York : _bE&FN Spon, _c1996. |
||
| 300 |
_ax, 300 p. : _bill. ; _c24 cm. |
||
| 526 |
_a0 _b0 _c0 _d666_893000000000000_SPR |
||
| 650 | 0 |
_aNUST _96342 |
|
| 650 | 0 |
_aShotcrete _944885 |
|
| 700 | 1 |
_aAustin, S. A. _944886 |
|
| 710 | 2 |
_aAmerican Concrete Institute. _937057 |
|
| 710 | 2 |
_aSprayed Concrete Association. _944887 |
|
| 856 | 4 | 2 | _uhttp://www.loc.gov/catdir/enhancements/fy0651/96218476-d.html |
| 942 |
_2ddc _cBK |
||
| 999 |
_c548538 _d548538 |
||